LILY QUENCH (Record no. 6427)
[ view plain ]
| 000 -LEADER | |
|---|---|
| fixed length control field | 00553nam a22001337a 4500 |
| 020 ## - INTERNATIONAL STANDARD BOOK NUMBER | |
| ISBN | 0-14-240163-3 |
| 082 ## - DEWEY DECIMAL CLASSIFICATION NUMBER | |
| Classification number | 823 |
| Item number | PRI/L |
| 100 ## - MAIN ENTRY--AUTHOR NAME | |
| Personal name | PRIOR, NATALIE JANE |
| 245 ## - TITLE STATEMENT | |
| Title | LILY QUENCH |
| 260 ## - PUBLICATION, DISTRIBUTION, ETC. (IMPRINT) | |
| Place of publication | NEWYORK |
| Name of publisher | PENGUIN BOOKS |
| Year of publication | 2003 |
| 300 ## - PHYSICAL DESCRIPTION | |
| Number of Pages | 160 |
| 520 ## - SUMMARY, ETC. | |
| Summary, etc | As a family of dragon slayers, the Quenches of Ashby have always been burning successes… until the evil Black Count invades, and the family's fortunes go into a downward spiral. Then a dragon unexpectedly arrives and Lily, the last of the Quenches, is called upon to fight it. |
| 942 ## - ADDED ENTRY ELEMENTS (KOHA) | |
| Koha item type | Books |
| Withdrawn status | Lost status | Collection code | Home library | Current library | Shelving location | Date acquired | Source of acquisition | Full call number | Accession Number | Koha item type |
|---|---|---|---|---|---|---|---|---|---|---|
| Fiction | Main Library | Main Library | SHELF 15-K-CHILDREN'S STORYBOOKS | 25/06/2010 | Purchase | 823 PRI/L | 05520 | Books |